Anem de Festa Major! / coordinació de l'exposició i catàleg: Xavier Calderé i Bel, Manuel Luengo Carrasco Xavier Calderé i Bel, Manuel Luengo Carrasco
Descripción Física:
31 p. : il. ; 21 cm
Colección:
V!
Materias:
Festes majors -- Viladecans
MARC
| LEADER | 00000nam a2200000Ia 4500 | ||
|---|---|---|---|
| 001 | 22015 | ||
| 008 | 160829s2007 xx 000 0 cat d | ||
| 080 | |a FU-49-49 | ||
| 245 | |a Anem de Festa Major! / coordinació de l'exposició i catàleg: |b Xavier Calderé i Bel, Manuel Luengo Carrasco | ||
| 260 | |a Viladecans : |b Ajuntament de Viladecans, Diputació de Barcelona, |c 2007 | ||
| 300 | |a 31 p. : |b il. ; |c 21 cm | ||
| 490 | |a V! | ||
| 590 | |a Catàleg de l'exposició fotogràfica de la 18a Setmana de la Gent Gran (2007) | ||
| 650 | |a Festes majors |x Viladecans |9 42094 | ||
| 700 | 1 | |a Calderé i Bel, Xavier |e coordinador |9 39415 | |
| 700 | 1 | |a Luengo Carrasco, Manuel, |d 1962- |e coordinador |9 32179 | |
| 710 | 1 | |a Barcelona (Catalunya : Província). |b Diputació |9 52408 | |
| 710 | 1 | |a Viladecans (Catalunya). |b Ajuntament |9 54292 | |
| 901 | |a Arxiu | ||
| 942 | |n 1 |2 udc | ||
| 952 | |0 0 |1 0 |4 0 |6 FU4949 |7 1 |9 50662 |a Arxiu |b Arxiu |d 2016-12-01 |l 0 |o FU-49-49 |p 22015 |r 2016-12-01 00:00:00 |w 2016-12-01 |y ARXIU | ||
| 999 | |c 54504 |d 54504 | ||